000 00288nam a22001337a 4500
008 171030b xxu||||| |||| 00| 0 eng d
020 _a9781587991479
041 _aeng
080 _a.33
100 _a58
101 _aBUS
245 _aSEX DRUGS ECONOMICS
_cCOYLE,D
942 _2udc
_cBK
999 _c36571
_d36571